|
|
|
|
| LEADER |
00000nam0a2200000 4500 |
| 001 |
105192 |
| 005 |
20231031114332.0 |
| 035 |
|
|
|a (RuTPU)RU\TPU\book\113474
|
| 090 |
|
|
|a 105192
|
| 100 |
|
|
|a 20061113d1979 m y0rusy50 ca
|
| 101 |
0 |
|
|a rus
|
| 102 |
|
|
|a RU
|
| 105 |
|
|
|a a z 001zy
|
| 200 |
1 |
|
|a Самолетные антенные системы
|f Ю. Г. Шатраков, М. И. Ривкин, Б. Г. Цыбаев
|
| 210 |
|
|
|a Москва
|c Машиностроение
|d 1979
|
| 215 |
|
|
|a 184 с.
|c ил.
|
| 320 |
|
|
|a Список литературы: с. 180-182.
|
| 610 |
1 |
|
|a самолетные антенны
|
| 610 |
1 |
|
|a самолеты
|
| 610 |
1 |
|
|a антенные системы
|
| 610 |
1 |
|
|a эксплуатация
|
| 610 |
1 |
|
|a антенно-фидерные системы
|
| 610 |
1 |
|
|a конструкции
|
| 610 |
1 |
|
|a исследование
|
| 610 |
1 |
|
|a вибраторные антенны
|
| 610 |
1 |
|
|a спиральные антенны
|
| 610 |
1 |
|
|a испытания
|
| 675 |
|
|
|a 629.73.05:621.3
|v 3
|
| 700 |
|
1 |
|a Шатраков
|b Ю. Г.
|g Юрий Григорьевич
|
| 701 |
|
1 |
|a Ривкин
|b М. И.
|g Марк Ильич
|
| 701 |
|
1 |
|a Цыбаев
|b Б. Г.
|g Борис Геннадьевич
|
| 801 |
|
1 |
|a RU
|b 63413507
|c 20061113
|g PSBO
|
| 801 |
|
2 |
|a RU
|b 63413507
|c 20070921
|g PSBO
|
| 942 |
|
|
|c BK
|